Anagramas - Palabras de Halloween - Estadísticas

Estadísticas generales
  • Esta prueba ha sido intentada 2.712 veces
  • La puntuación promedio es 16 de 21
Estadísticas de respuestas
Anagrama Respuesta % Correcto
ÑARAA Araña
99%
LACABZAA Calabaza
99%
JRBUA Bruja
98%
ATOG Gato
98%
OIEDM Miedo
98%
OCUMIÉLGRA Murciélago
95%
SAMAFATN Fantasma
94%
AIGAM Magia
93%
ELVA Vela
93%
BAMTU Tumba
91%
CHOEHIZ Hechizo
90%
APIRMOV Vampiro
87%
OBMIZE Zombie
85%
MÓCIAP Pócima
73%
CTORU Truco
71%
RALINTEN Linterna
68%
ÁONECR Cráneo
60%
LEOARMAC Caramelo
44%
ESQUELETO
24%
CAORLED Caldero
20%
UTREBCO Octubre
13%
No se encontraron pruebas coincidentes
Distribución de puntuación
Porcentaje de gente con cada puntuación
Porcentaje por número respondido
Historial de tus puntuaciones
No has intentado esta prueba.